| 000 | 00559nam a22001817a 4500 | ||
|---|---|---|---|
| 005 | 20251108165457.0 | ||
| 008 | 250721s1972 xx 000 0 ara d | ||
| 082 | 1 | 4 | _aم/398.9/ميد |
| 100 | 1 | _aالميداني، أبو الفضل أحمد بن محمد | |
| 245 | 1 | 0 | _aمجمع الأمثال / |
| 250 | _aط3 | ||
| 264 | 1 |
_aبيروت : _bدار الفكر، _c1972. |
|
| 300 | _a2ج في مج واحد | ||
| 650 | 1 | 7 | _aالأمثال |
| 700 | 1 |
_aعبد الحميد، محمد محي الدين _eتحقيق |
|
| 942 |
_2ddc _cREF |
||
| 999 |
_c28852 _d28852 |
||